Euroopan unionin viralliset kielet - Statistics

Yleistilastot
  • Tätä visaa on pelattu 868 kertaa
  • Keskiarvotulos 20 / 24
Vastaustilastot
Valtio Kieli % Oikein
Suomi suomi
99%
Suomi, Ruotsi ruotsi
98%
Belgia, Luxemburg, Ranska ranska
97%
Belgia, Itävalta, Luxemburg, Saksa saksa
97%
Espanja espanja
96%
Irlanti, Malta englanti
94%
Viro viro
94%
Italia italia
93%
Latvia latvia
92%
Liettua liettua
92%
Portugali portugali
90%
Puola puola
89%
Tanska tanska
88%
Kreikka, Kypros kreikka
87%
Alankomaat, Belgia hollanti
83%
Romania romania
80%
Unkari unkari
80%
Slovakia slovakki
79%
Slovenia sloveeni
78%
Tšekki tšekki
78%
Kroatia kroatia
74%
Bulgaria bulgaria
70%
Malta malta
44%
Irlanti iiri
36%
Ehtoja vastaavia visoja ei löytynyt
Tulosjakauma
Jokaisen tuloksen saaneiden osuus
Persentiili vastausten määrän mukaan
Tuloshistoriasi
Et ole pelannut tätä visaa